01241nam a22002057a 450000500170000000800410001702000180005804000070007604100120008308200190009510000170011424500910013126000330022230000230025536500540027852005920033265000500092465000200097465000410099420251103125735.0251103b |||||||| |||| 00| 0 eng d a9780829421156 cAL aEnglish a658.4092bLOWH aChris Lowney aHeroic leadershipb: best practices from a 450 year old company that changed the world aChicagobLoyola Press,c2003 a330p.bPBc23x15cm aIN-87911b₹1607.33c₹d₹1607.33f03-10-2025 aLeadership Principles for Lasting Success Leadership makes great companies, but few of us truly understand how to turn ourselves and others into great leaders. One company—the Jesuits—pioneered a unique formula for molding leaders and in the process built one of history’s most successful companies.In this groundbreaking book, Chris Lowney reveals the leadership principles that have guided the Jesuits for more than 450 years: self-awareness, ingenuity, love, and heroism. Lowney shows how these same principles can make each of us a dynamic leader in the twenty-first century.  aLeadership Religious aspects Catholic Church aJesuits History aManagement Moral and ethical aspects